000 00242nam a2200097Ia 4500
008 201216s9999 xx 000 0 und d
100 _aSchein, Edgar H.
245 0 _aOrganizational Psychology
260 _aNew Delhi
_bPrentice Hall
300 _a274
999 _c6048
_d6048